Normal view
MARC view
- Child Psychiatry
Entry Topical Term
001 - CONTROL NUMBER
- control field: 5536
003 - CONTROL NUMBER IDENTIFIER
- control field: NUST
005 - DATE AND TIME OF LATEST TRANSACTION
- control field: 20171019130432.0
008 - FIXED-LENGTH DATA ELEMENTS
- fixed length control field: 171019|| aca||aabn | a|a d
040 ## - CATALOGING SOURCE
- Original cataloging agency: NUST
- Transcribing agency: NUST
150 ## - HEADING--TOPICAL TERM
- Topical term or geographic name entry element: Child Psychiatry
- General subdivision: methods.
670 ## - SOURCE DATA FOUND
- Source citation: Work cat.: (NUST)0: Cepeda, Claudio, 1942- 5532, Clinical manual for the psychiatric interview of children and adolescents /, c2010.
